00832 2200301 4500001002100000005001500021035002000036007000300056008004100059020002200100040002200122082001400144084001600158090001900174100002400193245004600217250002000263300003400283650002100317850001200338504002800350264003800378336002100416337003000437338002300467990002000490990002000510INLIS00000000087470120221010011744 a0010-1022000144ta221010s2022 yoia g ind d a978-623-5511-21-4 aYOPDYOGbinderda04223a745.5 a745.5 ERN a aPK 745.5 ERN a0 aErnawatiepengarang10aAneka kreasi dari botol bekas /cErnawati aCetakan I, 2022 a52 halaman :bgambar ;c20 cm 4aKerajinan tangan aYOPDYOG aBibliografi: halaman 5231aSleman :bNew Vita Pustaka,c2022 2rdacontentateks 2rdamediaatanpa perantara 2rdacarrieravolume a69331-PD/A.2022 a69332-PD/A.2022